Dearly Beheaded - Sudden Death - Statistics

General Stats
  • This quiz has been taken 76 times
    37 since last reset
  • The average score is 11 of 16
Answers on the Grid
Answers color-coded by a green-red scale on the quiz's grid according to % correct below.
Charles I
Louis XVI
Marie Antoinette
Anne Boleyn
Thomas Moore
Walter Raleigh
Maximilien Robespierre
Georges Danton
Lady Jane Grey
Mary, Queen of Scots
Thomas Beckett
Pompey the Great
Ned Stark
Medusa
The Green Knight
Count Dooku
Voldemort
Benedict Arnold
Rasputin
Saruman
Napoleon
Benito Mussolini
King Tutankhamun
Lord Byron
Alexander the Great
King Harold Godwinson
Captain Cook
Maleficent
 
Answer Stats
Answer % Correct
Marie Antoinette
94%
Anne Boleyn
88%
Louis XVI
81%
Mary, Queen of Scots
75%
Maximilien Robespierre
75%
Walter Raleigh
72%
Medusa
69%
Thomas Beckett
69%
Charles I
66%
Ned Stark
66%
Thomas Moore
66%
Lady Jane Grey
59%
Count Dooku
50%
Georges Danton
50%
Pompey the Great
44%
The Green Knight
44%
No matching quizzes found
Score Distribution
Percent of People with Each Score
Percentile by Number Answered
Your Score History
You have not taken this quiz since the last reset